Cyclisme: Tous les coureurs cyclistes World Tour en 2022 - Statistiques

Statistiques générales
  • Ce quiz a été pris 839 fois
  • Le résultat moyen est 120 sur 497
Statistiques - réponses
Equipe Coureur % Correct
Quick-Step Alpha Vinyl 🇫🇷 Julian Alaphilippe
81%
Team DSM 🇫🇷 Romain Bardet
81%
Groupama-FDJ 🇫🇷 Thibaut Pinot
81%
UAE Team Emirates 🇸🇮 Tadej Pogačar
80%
Jumbo-Visma 🇸🇮 Primož Roglič
79%
Jumbo-Visma 🇧🇪 Wout Van Aert
79%
Groupama-FDJ 🇫🇷 David Gaudu
78%
Cofidis 🇫🇷 Guillaume Martin
78%
Israel-Premier Tech 🇬🇧 Christopher Froome
71%
Cofidis 🇫🇷 Benjamin Thomas
70%
INEOS Grenadiers 🇨🇴 Egan Bernal
70%
INEOS Grenadiers 🇬🇧 Geraint Thomas
70%
Groupama-FDJ 🇨🇭 Stefan Küng
67%
INEOS Grenadiers 🇬🇧 Adam Yates
66%
Jumbo-Visma 🇫🇷 Christophe Laporte
66%
Team BikeExchange-Jayco 🇬🇧 Simon Yates
66%
Jumbo-Visma 🇩🇰 Jonas Vingegaard
65%
INEOS Grenadiers 🇪🇨 Richard Carapaz
65%
Movistar 🇪🇸 Alejandro Valverde
63%
Ag2r Citroën Team 🇫🇷 Benoît Cosnefroy
63%
Astana Qazaqstan Team 🇮🇹 Antonio/Vincenzo Nibali
62%
Ag2r Citroën Team 🇦🇺 Ben O'Connor
62%
Quick-Step Alpha Vinyl 🇧🇪 Remco Evenepoel
61%
Groupama-FDJ 🇫🇷 Arnaud Démare
60%
Movistar 🇪🇸 Enric Mas
60%
Team BikeExchange-Jayco 🇳🇱 Jan Maas
60%
Ag2r Citroën Team 🇧🇪 Lawrence/Oliver Naesen
60%
Movistar 🇪🇸 Lluís Mas
60%
Ag2r Citroën Team 🇱🇺 Bob Jungels
59%
Ag2r Citroën Team 🇧🇪 Greg Van Avermaet
59%
Bahrain Victorious 🇸🇮 Matej Mohorič
59%
Quick-Step Alpha Vinyl 🇬🇧 Mark Cavendish
58%
Astana Qazaqstan Team 🇨🇴 Miguel Ángel López
58%
Groupama-FDJ 🇫🇷 Valentin Madouas
58%
Bora-Hansgrohe 🇷🇺 Aleksandr Vlasov
57%
Astana Qazaqstan Team 🇰🇿 Alexey Lutsenko
56%
Quick-Step Alpha Vinyl 🇫🇷 Florian Sénéchal
56%
Trek-Segafredo 🇪🇸 Juan Pedro López
56%
Bahrain Victorious 🇪🇸 Mikel Landa
56%
EF Education-EasyPost 🇨🇴 Rigoberto Urán
56%
UAE Team Emirates 🇳🇿 George Bennett
55%
Quick-Step Alpha Vinyl 🇫🇷 Rémi Cavagna
55%
Bora-Hansgrohe 🇮🇪 Sam Bennett
55%
Jumbo-Visma 🇺🇸 Sepp Kuss
55%
Ag2r Citroën Team 🇫🇷 Aurélien/Valentin Paret-Peintre
53%
Team DSM 🇩🇰 Casper Pedersen
53%
Trek-Segafredo 🇩🇰 Mads Pedersen
53%
Intermarché-Wanty-Gobert Matériaux 🇪🇷 Biniam Girmay
52%
INEOS Grenadiers 🇨🇴 Daniel Martínez
52%
Quick-Step Alpha Vinyl 🇳🇱 Fabio Jakobsen
52%
INEOS Grenadiers 🇮🇹 Filippo Ganna
52%
Quick-Step Alpha Vinyl 🇩🇰 Kasper Asgreen
52%
INEOS Grenadiers 🇬🇧 Tom Pidcock
51%
INEOS Grenadiers 🇳🇱 Dylan van Baarle
50%
Israel-Premier Tech 🇨🇦 Michael Woods
48%
Intermarché-Wanty-Gobert Matériaux 🇳🇴 Alexander Kristoff
47%
Ag2r Citroën Team 🇦🇹 Felix Gall
47%
Movistar 🇪🇸 Gorka Izagirre
47%
Cofidis 🇪🇸 Ion Izagirre
47%
Bora-Hansgrohe 🇦🇺 Jai Hindley
47%
UAE Team Emirates 🇵🇱 Rafał Majka
47%
EF Education-EasyPost 🇩🇰 Magnus Cort
46%
Quick-Step Alpha Vinyl 🇧🇪 Yves Lampaert
46%
Bora-Hansgrohe 🇨🇴 Sergio Higuita
45%
UAE Team Emirates 🇵🇹 João Almeida
44%
Quick-Step Alpha Vinyl 🇩🇰 Michael Mørkøv
44%
INEOS Grenadiers 🇫🇷 Pavel Sivakov
44%
Quick-Step Alpha Vinyl 🇨🇿 Zdeněk Štybar
44%
Bahrain Victorious 🇧🇪 Dylan Teuns
43%
Groupama-FDJ 🇱🇺 Kevin Geniets
43%
INEOS Grenadiers 🇵🇱 Michał Kwiatkowski
43%
Groupama-FDJ 🇦🇺 Michael Storer
42%
Jumbo-Visma 🇧🇪 Tiesj Benoot
42%
Groupama-FDJ 🇭🇺 Attila Valter
41%
Israel-Premier Tech 🇨🇦 Hugo Houle
41%
INEOS Grenadiers 🇦🇺 Richie Porte
41%
Cofidis 🇫🇷 Bryan Coquard
40%
INEOS Grenadiers 🇪🇸 Carlos Rodriguez
40%
Trek-Segafredo 🇫🇷 Kenny Elissonde
40%
Team BikeExchange-Jayco 🇦🇺 Michael Matthews
40%
Movistar 🇪🇸 Óscar Rodríguez
40%
INEOS Grenadiers 🇮🇹 Elia Viviani
39%
Groupama-FDJ 🇱🇹 Ignatas Konovalovas
39%
Trek-Segafredo 🇫🇷 Julien Bernard
39%
Ag2r Citroën Team 🇫🇷 Mikaël Cherel
39%
EF Education-EasyPost 🇺🇸 Neilson Powless
39%
Bahrain Victorious 🇪🇸 Pello Bilbao
39%
Bahrain Victorious 🇮🇹 Sonny Colbrelli
39%
Trek-Segafredo 🇳🇱 Bauke Mollema
38%
Israel-Premier Tech 🇩🇰 Jakob Fuglsang
38%
Intermarché-Wanty-Gobert Matériaux 🇿🇦 Louis Meintjes
38%
UAE Team Emirates 🇨🇭 Marc Hirschi
38%
Bora-Hansgrohe 🇦🇹 Patrick Konrad
38%
Intermarché-Wanty-Gobert Matériaux 🇫🇷 Adrien Petit
37%
UAE Team Emirates 🇺🇸 Brandon McNulty
37%
Bahrain Victorious 🇮🇹 Damiano Caruso
37%
Bahrain Victorious 🇦🇺 Jack Haig
37%
INEOS Grenadiers 🇪🇸 Jonathan Castroviejo
37%
Bora-Hansgrohe 🇩🇪 Lennard Kämna
37%
UAE Team Emirates 🇪🇸 Marc Soler
37%
Jumbo-Visma 🇳🇱 Tom Dumoulin
37%
Bahrain Victorious 🇯🇵 Yukiya Arashiro
37%
INEOS Grenadiers 🇨🇷 Andrey Amador
36%
Team BikeExchange-Jayco 🇳🇱 Dylan Groenewegen
36%
Bora-Hansgrohe 🇩🇪 Emanuel Buchmann
36%
Astana Qazaqstan Team 🇮🇹 Gianni Moscon
36%
Cofidis 🇪🇸 Jesús/José Herrada
36%
Ag2r Citroën Team 🇫🇷 Nans Peters
36%
Jumbo-Visma 🇦🇺 Rohan Dennis
36%
UAE Team Emirates 🇵🇹 Rui Costa
36%
Ag2r Citroën Team 🇫🇷 Clément Champoussin
35%
Trek-Segafredo 🇮🇹 Giulio Ciccone
35%
Ag2r Citroën Team 🇫🇷 Lilian Calmejane
35%
Bahrain Victorious 🇪🇸 Luis León Sánchez
35%
Bora-Hansgrohe 🇩🇪 Maximilian Schachmann
35%
Intermarché-Wanty-Gobert Matériaux 🇪🇪 Rein Taaramäe
35%
Trek-Segafredo 🇫🇷 Tony Gallopin
35%
Bahrain Victorious 🇳🇱 Wout Poels
35%
Ag2r Citroën Team 🇮🇹 Andrea Vendrame
34%
Intermarché-Wanty-Gobert Matériaux 🇨🇿 Jan Hirt
34%
Movistar 🇺🇸 Matteo Jorgenson
34%
Intermarché-Wanty-Gobert Matériaux 🇳🇱 Boy van Poppel
33%
Bora-Hansgrohe 🇳🇱 Danny van Poppel
33%
Groupama-FDJ 🇮🇹 Jacopo Guarnieri
33%
Trek-Segafredo 🇧🇪 Jasper Stuyven
33%
EF Education-EasyPost 🇺🇦 Mark Padun
33%
Bora-Hansgrohe 🇩🇪 Nils Politt
33%
UAE Team Emirates 🇩🇪 Pascal Ackermann
33%
Groupama-FDJ 🇨🇭 Sébastien Reichenbach
33%
Cofidis 🇫🇷 Victor Lafay
33%
EF Education-EasyPost 🇮🇹 Alberto Bettiol
32%
Groupama-FDJ 🇫🇷 Bruno Armirail
32%
Jumbo-Visma 🇮🇹 Edoardo Affini
32%
Bahrain Victorious 🇬🇧 Fred Wright
32%
Bahrain Victorious 🇸🇮 Jan Tratnik
32%
Ag2r Citroën Team 🇺🇸 Larry Warbasse
32%
Jumbo-Visma 🇧🇪 Nathan Van Hooydonck
32%
Ag2r Citroën Team 🇧🇪 Stan Dewulf
32%
Bora-Hansgrohe 🇳🇱 Wilco Kelderman
32%
Quick-Step Alpha Vinyl 🇮🇹 Davide Ballerini
31%
INEOS Grenadiers 🇬🇧 Ethan Hayter
31%
UAE Team Emirates 🇩🇪 Felix Gross
31%
UAE Team Emirates 🇨🇴 Fernando Gaviria
31%
Ag2r Citroën Team 🇫🇷 Geoffrey Bouchard
31%
UAE Team Emirates 🇵🇹 Ivo/Rui Oliveira
31%
INEOS Grenadiers 🇪🇨 Jhonatan Narváez
31%
Movistar 🇵🇹 Nélson Oliveira
31%
Cofidis 🇩🇪 Simon Geschke
31%
Jumbo-Visma 🇳🇴 Tobias Foss
31%
INEOS Grenadiers 🇧🇪 Laurens De Plus
30%
INEOS Grenadiers 🇬🇧 Luke Rowe
30%
Ag2r Citroën Team 🇨🇭 Michael Schär
30%
EF Education-EasyPost 🇨🇭 Stefan Bissegger
30%
Team DSM 🇳🇱 Thymen Arensman
30%
Groupama-FDJ 🇸🇪 Tobias Ludvigsson
30%
Quick-Step Alpha Vinyl 🇮🇹 Andrea Bagioli
29%
Cofidis 🇫🇷 Anthony Perez
29%
Groupama-FDJ 🇨🇦 Antoine Duchesne
29%
Bora-Hansgrohe 🇦🇹 Felix Grosschartner
29%
Bahrain Victorious 🇨🇭 Gino Mäder
29%
EF Education-EasyPost 🇳🇱 Julius/Marijn van den Berg
29%
Groupama-FDJ 🇳🇱 Lars van den Berg
29%
Quick-Step Alpha Vinyl 🇮🇹 Mattia Cattaneo
29%
Quick-Step Alpha Vinyl 🇩🇰 Mikkel Frølich Honoré
29%
Groupama-FDJ 🇫🇷 Rudy Molard
29%
INEOS Grenadiers 🇬🇧 Tao Geoghegan Hart
29%
Team BikeExchange-Jayco 🇳🇿 Campbell Stewart
28%
Ag2r Citroën Team 🇫🇮 Jaakko Hänninen
28%
Groupama-FDJ 🇬🇧 Jake Stewart
28%
Groupama-FDJ 🇫🇷 Olivier Le Gac
28%
Bahrain Victorious 🇨🇴 Santiago Buitrago
28%
Jumbo-Visma 🇳🇱 Steven Kruijswijk
28%
Ag2r Citroën Team 🇫🇷 Clément Venturini
27%
EF Education-EasyPost 🇨🇴 Esteban Chaves
27%
Intermarché-Wanty-Gobert Matériaux 🇫🇷 Hugo Page
27%
Movistar 🇪🇸 Carlos Verona
26%
Israel-Premier Tech 🇨🇦 Guillaume Boivin
26%
EF Education-EasyPost 🇬🇧 Hugh Carthy
26%
Bora-Hansgrohe 🇦🇹 Marco Haller
26%
Bora-Hansgrohe 🇬🇧 Matthew Walls
26%
Groupama-FDJ 🇫🇷 Matthieu Ladagnous
26%
UAE Team Emirates 🇩🇰 Mikkel Bjerg
26%
INEOS Grenadiers 🇪🇸 Omar Fraile
26%
Groupama-FDJ 🇳🇱 Ramon Sinkeldam
26%
Cofidis 🇮🇹 Simone Consonni
26%
Astana Qazaqstan Team 🇿🇦 Stefan de Bod
26%
Intermarché-Wanty-Gobert Matériaux 🇮🇹 Domenico Pozzovivo
25%
Ag2r Citroën Team 🇫🇷 Dorian Godon
25%
INEOS Grenadiers 🇮🇪 Eddie Dunbar
25%
Movistar 🇦🇹 Gregor Mühlberger
25%
Israel-Premier Tech 🇮🇱 Guy Niv
25%
UAE Team Emirates 🇪🇸 Juan Ayuso
25%
INEOS Grenadiers 🇺🇸 Magnus Sheffield
25%
Jumbo-Visma 🇳🇱 Mike Teunissen
25%
Quick-Step Alpha Vinyl 🇧🇪 Tim Declercq
25%
Trek-Segafredo 🇱🇻 Toms Skujins
25%
INEOS Grenadiers 🇬🇧 Ben Turner
24%
Team DSM 🇦🇺 Chris Hamilton
24%
Israel-Premier Tech 🇿🇦 Daryl Impey
24%
Trek-Segafredo 🇧🇪 Edward Theuns
24%
Quick-Step Alpha Vinyl 🇮🇹 Fausto Masnada
24%
Team DSM 🇩🇪 John Degenkolb
24%
Team BikeExchange-Jayco 🇦🇺 Lucas Hamilton
24%
UAE Team Emirates 🇮🇹 Matteo Trentin
24%
Quick-Step Alpha Vinyl 🇨🇭 Mauro Schmid
24%
Israel-Premier Tech 🇦🇺 Simon Clarke
24%
Intermarché-Wanty-Gobert Matériaux 🇳🇱 Taco van der Hoorn
24%
Team DSM 🇩🇰 Asbjørn/Soren Kragh Andersen
23%
Team BikeExchange-Jayco 🇦🇺 Callum Scotson
23%
Team DSM 🇳🇱 Cees Bol
23%
UAE Team Emirates 🇮🇹 Diego Ulissi
23%
Groupama-FDJ 🇬🇧 Lewis Askey
23%
EF Education-EasyPost 🇩🇰 Michael Valgren
23%
Groupama-FDJ 🇦🇺 Miles Scotson
23%
Bahrain Victorious 🇩🇪 Phil Bauhaus
23%
EF Education-EasyPost 🇵🇹 Ruben Guerreiro
23%
Israel-Premier Tech 🇫🇷 Rudy Barbier
23%
Intermarché-Wanty-Gobert Matériaux 🇮🇹 Andrea Pasqualon
22%
Cofidis 🇫🇷 Axel Zingle
22%
Israel-Premier Tech 🇧🇪 Ben Hermans
22%
Quick-Step Alpha Vinyl 🇧🇪 Dries Devenyns
22%
Quick-Step Alpha Vinyl 🇧🇪 Ilan Van Wilder
22%
Intermarché-Wanty-Gobert Matériaux 🇧🇪 Quinten Hermans
22%
Jumbo-Visma 🇳🇱 Robert Gesink
22%
Team DSM 🇫🇷 Romain Combaud
22%
Team DSM 🇮🇹 Alberto Dainese
21%
Groupama-FDJ 🇫🇷 Anthony Roux
21%
Movistar 🇪🇸 Iván García Cortina
21%
EF Education-EasyPost 🇪🇨 Jonathan Caicedo
21%
Quick-Step Alpha Vinyl 🇨🇿 Josef Černý
21%
Quick-Step Alpha Vinyl 🇧🇪 Mauri Vansevenant
21%
Cofidis 🇩🇪 Max Walscheid
21%
Trek-Segafredo 🇺🇸 Quinn Simmons
21%
UAE Team Emirates 🇫🇷 Alexys Brunel
20%
Team DSM 🇳🇴 Andreas Leknessund
20%
Astana Qazaqstan Team 🇪🇸 David de la Cruz
20%
UAE Team Emirates 🇮🇹 Davide Formolo
20%
Israel-Premier Tech 🇮🇹 Giacomo Nizzolo
20%
Movistar 🇨🇴 Iván Sosa
20%
Quick-Step Alpha Vinyl 🇬🇧 James Knox
20%
Intermarché-Wanty-Gobert Matériaux 🇮🇹 Lorenzo Rota
20%
INEOS Grenadiers 🇦🇺 Luke Plapp
20%
Ag2r Citroën Team 🇫🇷 Marc Sarreau
20%
Cofidis 🇫🇷 Pierre-Luc Périchon
20%
Groupama-FDJ 🇫🇷 Quentin Pacher
20%
Cofidis 🇫🇷 Rémy Rochas
20%
Intermarché-Wanty-Gobert Matériaux 🇧🇪 Aimé De Gendt
19%
EF Education-EasyPost 🇮🇪 Ben Healy
19%
INEOS Grenadiers 🇬🇧 Ben Swift
19%
Ag2r Citroën Team 🇫🇷 Clément Berthet
19%
UAE Team Emirates 🇸🇮 Jan Polanc
19%
Bora-Hansgrohe 🇧🇪 Jordi Meeus
19%
UAE Team Emirates 🇦🇷 Maximiliano Richeze
19%
Jumbo-Visma 🇳🇱 Olav Kooij
19%
INEOS Grenadiers 🇮🇹 Salvatore Puccio
19%
Team BikeExchange-Jayco 🇪🇹 Tsgabu Grmay
19%
UAE Team Emirates 🇳🇴 Vegard Stake Laengen
19%
Movistar 🇪🇸 Alex Aranburu
18%
Cofidis 🇮🇹 Davide Cimolai
18%
Quick-Step Alpha Vinyl 🇬🇧 Ethan Vernon
18%
Movistar 🇨🇭 Johan Jacobs
18%
Israel-Premier Tech 🇱🇻 Krists Neilands
18%
Team BikeExchange-Jayco 🇸🇮 Luka Mezgec
18%
Team BikeExchange-Jayco 🇦🇺 Luke Durbridge
18%
Trek-Segafredo 🇩🇰 Mattias Skjelmose
18%
EF Education-EasyPost 🇪🇷 Merhawi Kudus
18%
Bora-Hansgrohe 🇮🇪 Ryan Mullen
18%
UAE Team Emirates 🇨🇴 Sebastián Molano
18%
Israel-Premier Tech 🇧🇪 Sep Vanmarcke
18%
Intermarché-Wanty-Gobert Matériaux 🇳🇴 Sven Erik Bystrøm
18%
Astana Qazaqstan Team 🇰🇿 Yevgeniy Fedorov
18%
UAE Team Emirates 🇮🇹 Alessandro Covi
17%
Trek-Segafredo 🇩🇰 Alexander Kamp
17%
INEOS Grenadiers 🇬🇧 Ben Tulett
17%
Team BikeExchange-Jayco 🇩🇰 Christopher Juul-Jensen
17%
Cofidis 🇫🇷 François Bidard
17%
Intermarché-Wanty-Gobert Matériaux 🇩🇪 Georg Zimmermann
17%
Astana Qazaqstan Team 🇨🇴 Harold Tejada
17%
Movistar 🇪🇸 Imanol Erviti
17%
Astana Qazaqstan Team 🇺🇸 Joe Dombrowski
17%
Jumbo-Visma 🇳🇱 Koen Bouwman
17%
Team BikeExchange-Jayco 🇺🇸 Lawson Craddock
17%
Bora-Hansgrohe 🇪🇪 Martin Laas
17%
EF Education-EasyPost 🇬🇧 Simon Carr
17%
Astana Qazaqstan Team 🇧🇾 Alexandr Riabushenko
16%
Trek-Segafredo 🇱🇺 Alex Kirsch
16%
Astana Qazaqstan Team 🇰🇿 Andrey Zeits
16%
Astana Qazaqstan Team 🇮🇹 Fabio Felline
16%
Bora-Hansgrohe 🇮🇹 Giovanni Aleotti
16%
Bora-Hansgrohe 🇦🇹 Lukas Pöstlberger
16%
Cofidis 🇧🇪 Piet Allegaert
16%
Astana Qazaqstan Team 🇮🇹 Samuele Battistella
16%
Team BikeExchange-Jayco 🇪🇪 Tanel Kangert
16%
Groupama-FDJ 🇳🇱 Bram Welten
15%
Bora-Hansgrohe 🇵🇱 Cesare Benedetti
15%
Bahrain Victorious 🇹🇼 Chun Kai Feng
15%
Groupama-FDJ 🇫🇷 Clément Davy
15%
Ag2r Citroën Team 🇫🇷 Damien Touzé
15%
Movistar 🇨🇴 Einer Rubio
15%
Movistar 🇪🇸 José Joaquín Rojas
15%
Jumbo-Visma 🇳🇱 Jos van Emden
15%
Bahrain Victorious 🇵🇱 Kamil Gradek
15%
Team BikeExchange-Jayco 🇮🇹 Matteo Sobrero
15%
Israel-Premier Tech 🇮🇱 Omer Goldstein
15%
EF Education-EasyPost 🇬🇧 Owain Doull
15%
Cofidis 🇪🇸 Rubén Fernández
15%
Jumbo-Visma 🇳🇱 Sam Oomen
15%
Astana Qazaqstan Team 🇨🇴 Sebastián Henao
15%
UAE Team Emirates 🇨🇴 Álvaro Hodeg
14%
Cofidis 🇵🇹 André Carvalho
14%
Intermarché-Wanty-Gobert Matériaux 🇭🇺 Barnabás Peák
14%
Jumbo-Visma 🇦🇺 Chris Harper
14%
Astana Qazaqstan Team 🇰🇿 Dmitriy Gruzdev
14%
Bahrain Victorious 🇸🇮 Domen Novak
14%
Groupama-FDJ 🇨🇭 Fabian Lienhard
14%
Bahrain Victorious 🇦🇺 Heinrich Haussler
14%
Quick-Step Alpha Vinyl 🇩🇪 Jannik Steimle
14%
EF Education-EasyPost 🇩🇪 Jonas Rutsch
14%
Bora-Hansgrohe 🇮🇹 Matteo Fabbro
14%
Ag2r Citroën Team 🇫🇷 Nicolas Prodhomme
14%
Ag2r Citroën Team 🇫🇷 Paul Lapeira
14%
Astana Qazaqstan Team 🇮🇹 Simone Velasco
14%
Cofidis 🇫🇷 Thomas Champion
14%
Cofidis 🇨🇭 Tom Bohli
14%
Israel-Premier Tech 🇮🇹 Alessandro De Marchi
13%
Team BikeExchange-Jayco 🇳🇴 Amund Grøndahl Jansen
13%
Movistar 🇪🇸 Antonio Pedrero
13%
INEOS Grenadiers 🇨🇴 Brandon Rivera
13%
INEOS Grenadiers 🇦🇺 Cameron Wurf
13%
Ag2r Citroën Team 🇧🇪 Gijs Van Hoecke
13%
Israel-Premier Tech 🇮🇱 Guy Sagiv
13%
Team BikeExchange-Jayco 🇳🇿 Jack Bauer
13%
Bahrain Victorious 🇮🇹 Jonathan Milan
13%
Groupama-FDJ 🇨🇭 Matteo Badilatti
13%
Movistar 🇩🇪 Max Kanter
13%
Israel-Premier Tech 🇳🇿 Patrick Bevin
13%
Quick-Step Alpha Vinyl 🇧🇪 Pieter Serry
13%
Intermarché-Wanty-Gobert Matériaux 🇮🇹 Simone Petilli
13%
Bahrain Victorious 🇬🇧 Stephen Williams
13%
Jumbo-Visma 🇳🇱 Timo Roosen
13%
Intermarché-Wanty-Gobert Matériaux 🇧🇪 Tom Devriendt
13%
Movistar 🇵🇷 Abner González
12%
Cofidis 🇫🇷 Alexis Renard
12%
Ag2r Citroën Team 🇫🇷 Anthony Jullien
12%
Quick-Step Alpha Vinyl 🇧🇪 Bert Van Lerberghe
12%
Cofidis 🇮🇹 Davide Villella
12%
Quick-Step Alpha Vinyl 🇧🇪 Iljo Keisse
12%
Quick-Step Alpha Vinyl 🇧🇪 Louis Vervaeke
12%
Astana Qazaqstan Team 🇮🇹 Manuele Boaro
12%
Movistar 🇩🇰 Mathias Norsgaard
12%
Team BikeExchange-Jayco 🇦🇺 Nick Schultz
12%
Jumbo-Visma 🇳🇱 Pascal Eenkhoorn
12%
UAE Team Emirates 🇿🇦 Ryan Gibbons
12%
Bora-Hansgrohe 🇦🇺 Shane Archbold
12%
Cofidis 🇵🇱 Szymon Sajnok
12%
Intermarché-Wanty-Gobert Matériaux 🇫🇷 Théo Delacroix
12%
Cofidis 🇳🇱 Wesley Kreder
12%
Movistar 🇺🇸 Will Barta
12%
Astana Qazaqstan Team 🇰🇿 Yevgeniy Gidich
12%
Israel-Premier Tech 🇬🇧 Alex Dowsett
11%
Israel-Premier Tech 🇳🇴 Carl Fredrik Hagen
11%
Jumbo-Visma 🇳🇱 David Dekker
11%
Bahrain Victorious 🇦🇹 Hermann Pernsteiner
11%
Israel-Premier Tech 🇮🇱 Itamar Einhorn
11%
Bahrain Victorious 🇩🇪 Jasha Sütterlin
11%
Astana Qazaqstan Team 🇪🇸 Javier Romo
11%
Team BikeExchange-Jayco 🇦🇺 Kaden Groves
11%
Intermarché-Wanty-Gobert Matériaux 🇧🇪 Kobe Goossens
11%
Astana Qazaqstan Team 🇮🇹 Leonardo Basso
11%
Intermarché-Wanty-Gobert Matériaux 🇧🇪 Loïc Vliegen
11%
Team DSM 🇩🇪 Nico Denz
11%
Team DSM 🇩🇪 Nikias Arndt
11%
EF Education-EasyPost 🇳🇴 Odd Christian Eiking
11%
Bora-Hansgrohe 🇦🇹 Patrick Gamper
11%
Jumbo-Visma 🇧🇪 Tosh Van der Sande
11%
Movistar 🇪🇸 Albert Torres
10%
Trek-Segafredo 🇮🇹 Antonio Tiberi
10%
Bora-Hansgrohe 🇧🇪 Cian Uijtdebroeks
10%
Trek-Segafredo 🇱🇻 Emīls Liepiņš
10%
EF Education-EasyPost 🇯🇵 Hideto Nakane
10%
Bora-Hansgrohe 🇳🇱 Ide Schelling
10%
Intermarché-Wanty-Gobert Matériaux 🇧🇪 Jan Bakelants
10%
Cofidis 🇧🇪 Jelle Wallays
10%
EF Education-EasyPost 🇧🇪 Jens Keukeleire
10%
Cofidis 🇧🇪 Kenneth Vanbilsen
10%
Team DSM 🇺🇸 Kevin Vermaerke
10%
INEOS Grenadiers 🇩🇪 Kim Heiduk
10%
Team DSM 🇩🇪 Marco Brenner
10%
Team DSM 🇳🇱 Martijn Tusveld
10%
Jumbo-Visma 🇳🇱 Mick/Tim van Dijke
10%
Israel-Premier Tech 🇩🇪 Rick Zabel
10%
EF Education-EasyPost 🇳🇱 Sebastian Langeveld
10%
Astana Qazaqstan Team 🇮🇹 Valerio Conti
10%
UAE Team Emirates 🇦🇪 Yousif Mirza
10%
Israel-Premier Tech 🇨🇦 Alexander Cataford
9%
EF Education-EasyPost 🇺🇸 Alex Howes
9%
Ag2r Citroën Team 🇫🇷 Antoine Raugel
9%
Bora-Hansgrohe 🇩🇪 Anton Palzer
9%
EF Education-EasyPost 🇨🇴 Diego Camargo
9%
Intermarché-Wanty-Gobert Matériaux 🇧🇪 Gerben Thijssen
9%
Trek-Segafredo 🇮🇹 Gianluca Brambilla
9%
Cofidis 🇫🇷 Hugo Toumire
9%
Trek-Segafredo 🇪🇸 Jon Aberasturi
9%
Bora-Hansgrohe 🇩🇪 Jonas Koch
9%
Movistar 🇪🇸 Jorge Arcas
9%
Movistar 🇪🇸 Sergio Samitier
9%
EF Education-EasyPost 🇦🇺 Thomas Scully
9%
Israel-Premier Tech 🇧🇪 Tom Van Asbroeck
9%
Bahrain Victorious 🇧🇭 Ahmed Madan
8%
Team BikeExchange-Jayco 🇨🇭 Alexandre Balmer
8%
Trek-Segafredo 🇳🇱 Daan Hoole
8%
Trek-Segafredo 🇮🇹 Dario Cataldo
8%
Astana Qazaqstan Team 🇮🇹 Davide Martinelli
8%
Cofidis 🇫🇷 Eddy Finé
8%
UAE Team Emirates 🇳🇿 Finn Fisher-Black
8%
Bora-Hansgrohe 🇩🇰 Frederik Wandahl
8%
Trek-Segafredo 🇮🇹 Jacopo Mosca
8%
Intermarché-Wanty-Gobert Matériaux 🇧🇪 Kévin Van Melsen
8%
EF Education-EasyPost 🇦🇺 Lachlan Morton
8%
EF Education-EasyPost 🇵🇱 Łukasz Wiśniowski
8%
Israel-Premier Tech 🇩🇰 Mads Würtz Schmidt
8%
Team DSM 🇬🇧 Mark Donovan
8%
Israel-Premier Tech 🇦🇹 Matthias Brändle
8%
Team DSM 🇦🇺 Sam Welsford
8%
Cofidis 🇧🇪 Sander Armée
8%
EF Education-EasyPost 🇺🇸 Sean Quinn
8%
Astana Qazaqstan Team 🇰🇿 Vadim Pronskiy
8%
Movistar 🇧🇷 Vinicius Rangel
8%
Cofidis 🇫🇷 Alexandre Delettre
7%
UAE Team Emirates 🇨🇴 Andrés Camilo Ardila
7%
Trek-Segafredo 🇳🇱 Antwan Tolhoek
7%
Bora-Hansgrohe 🇩🇪 Ben Zwiehoff
7%
EF Education-EasyPost 🇨🇴 Daniel Arroyave
7%
Team BikeExchange-Jayco 🇳🇿 Dion Smith
7%
EF Education-EasyPost 🇬🇧 James Shaw
7%
Israel-Premier Tech 🇧🇪 Jenthe Biermans
7%
UAE Team Emirates 🇨🇭 Joël Suter
7%
Jumbo-Visma 🇳🇱 Lennard Hofstede
7%
Trek-Segafredo 🇳🇴 Markus Hoelgaard
7%
Trek-Segafredo 🇮🇹 Matteo Moschetti
7%
Team BikeExchange-Jayco 🇦🇺 Michael Hepburn
7%
Team DSM 🇳🇱 Nils Eekhoff
7%
Trek-Segafredo 🇧🇪 Otto Vergaerde
7%
Israel-Premier Tech 🇨🇭 Reto Hollenstein
7%
Quick-Step Alpha Vinyl 🇧🇪 Stijn Steels
7%
Astana Qazaqstan Team 🇰🇿 Yuriy Natarov
7%
Intermarché-Wanty-Gobert Matériaux 🇧🇪 Baptiste Planckaert
6%
Team BikeExchange-Jayco 🇦🇺 Damien Howson
6%
Bahrain Victorious 🇮🇹 Edoardo Zambanini
6%
EF Education-EasyPost 🇩🇪 Georg Steinhauser
6%
Jumbo-Visma 🇳🇱 Gijs Leemreize
6%
Movistar 🇪🇸 Gonzalo Serrano
6%
Intermarché-Wanty-Gobert Matériaux 🇩🇰 Julius Johansen
6%
Movistar 🇩🇪 Juri Hollmann
6%
Intermarché-Wanty-Gobert Matériaux 🇧🇪 Laurens Huys
6%
Jumbo-Visma 🇳🇱 Milan Vader
6%
Movistar 🇪🇸 Oier Lazkano
6%
Israel-Premier Tech 🇦🇺 Sebastian Berwick
6%
Trek-Segafredo 🇨🇭 Simon Pellaud
6%
Bahrain Victorious 🇨🇴 Alejandro Osorio
5%
Team BikeExchange-Jayco 🇦🇺 Alexander Edmondson
5%
Astana Qazaqstan Team 🇰🇿 Artyom Zakharov
5%
Israel-Premier Tech 🇦🇺 Corbin Strong
5%
Intermarché-Wanty-Gobert Matériaux 🇳🇱 Corné van Kessel
5%
Intermarché-Wanty-Gobert Matériaux 🇧🇪 Dimitri Claeys
5%
Bahrain Victorious 🇵🇱 Filip Maciejuk
5%
Israel-Premier Tech 🇨🇦 James Piccoli
5%
Team BikeExchange-Jayco 🇮🇹 Kevin Colleoni
5%
Bora-Hansgrohe 🇩🇪 Luis-Joe Lührs
5%
Jumbo-Visma 🇩🇪 Michel Hessmann
5%
UAE Team Emirates 🇮🇹 Oliviero Troia
5%
Team BikeExchange-Jayco 🇳🇿 Sam Bewley
5%
Quick-Step Alpha Vinyl 🇧🇪 Stan Van Tricht
5%
Israel-Premier Tech 🇦🇺 Taj Jones
5%
Team BikeExchange-Jayco 🇮🇹 Alexander Konychev
4%
Trek-Segafredo 🇩🇰 Asbjørn Hellemose
4%
Trek-Segafredo 🇮🇹 Filippo Baroncini
4%
Team DSM 🇩🇪 Florian Stork
4%
Astana Qazaqstan Team 🇰🇿 Gleb Brussenskiy
4%
Movistar 🇪🇸 Íñigo Elosegui
4%
Bahrain Victorious 🇳🇴 Johan Price-Pejtersen
4%
Team DSM 🇳🇴 Jonas Iversby Hvideberg
4%
Trek-Segafredo 🇪🇸 Marc Brustenga
4%
Astana Qazaqstan Team 🇮🇹 Michele Gazzoli
4%
Team DSM 🇩🇪 Niklas Märkl
4%
Team BikeExchange-Jayco 🇦🇺 Cameron Meyer
3%
Team DSM 🇧🇪 Henri Vandenabeele
3%
Trek-Segafredo 🇩🇰 Jakob Egholm
3%
Team BikeExchange-Jayco 🇪🇸 Jesús David Peña
3%
Team DSM 🇳🇱 Joris Nieuwenhuis
3%
Team BikeExchange-Jayco 🇦🇺 Kelland O'Brien
3%
Team DSM 🇩🇪 Marius Mayrhofer
3%
Astana Qazaqstan Team 🇰🇿 Nurbergen Nurlykhassym
3%
Trek-Segafredo 🇪🇷 Amanuel Gebreigzabhier
2%
Team DSM 🇩🇰 Frederik Rodenberg
2%
Team DSM 🇩🇪 Leon Heinschke
2%
Team DSM 🇳🇱 Tim Naberman
2%
Aucun quiz correspondant
Distribution des résultats
% des personnes avec chaque résultat
Percentile par nombre de réponses
Votre historique - résultats
Vous n’avez pas pris ce quiz